Acoso sexual, acoso moral y discriminación en contexto laboral.

Uloženo v:
Podrobná bibliografie
Hlavní autor: García Machmar, William (autor)
Další autoři: Lagos Tschorne, Catalina (autora), Sarmiento Ramírez, Claudia (autora), Walker Echenique, Elisa (autora)
Médium: Neznámo
Vydáno: Santiago, Chile: DER Ediciones, 2023.
Vydání:Primera edición
Edice:CJAJ. Cuadernos Jurídicos de la Academia Judicial
Témata:
Tagy: Přidat tag
Žádné tagy, Buďte první, kdo vytvoří štítek k tomuto záznamu!

MARC

LEADER 00000 a2200000 4500
003 CL-VaPUC
005 20230808102321.0
008 230714t2023 ||||| |||| 00| 0 eng d
999 |c 441362  |d 441360 
020 |a 978-956-405-149-9 
040 |c Pontificia Universidad Católica de Valparaíso 
082 |2 22  |a 344.83014133 GAR 2023  
100 |a García Machmar, William  |9 561941  |e autor 
245 |a Acoso sexual, acoso moral y discriminación en contexto laboral. 
250 |a Primera edición 
260 |a Santiago, Chile:  |b DER Ediciones,  |c 2023. 
300 |a 115 páginas. 
490 |a CJAJ. Cuadernos Jurídicos de la Academia Judicial 
583 |k GC  |c 20230714 
650 0 |9 375340  |a Acoso sexual   |x Derecho laboral  |z Chile  
650 0 |9 257649  |a Mujeres  |x Discriminación y violencia de género   |x Aspectos laborales, sociales y políticos   |x Derecho nacional e internacional  
700 |a Lagos Tschorne, Catalina  |e autora  |9 883729 
700 |a Sarmiento Ramírez, Claudia  |e autora  |9 883730 
700 |a Walker Echenique, Elisa  |9 574517  |e autora 
942 |2 ddc  |c BK 
952 |0 0  |1 0  |2 ddc  |4 0  |6 344_830141330000000_GAR_2023  |7 0  |8 A  |9 590827  |a BIBDER  |b BIBDER  |c GEN  |d 2023-07-11  |e 22  |g 15500.00  |i 5658024  |l 5  |m 1  |o 344.83014133 GAR 2023  |p 5658024  |q 2025-05-12  |r 2025-05-05  |s 2025-05-05  |t 1  |v 15500.00  |w 2023-07-11  |y BK  |k DER